Учет выпучивания поля при расчете трансформаторов и дросселей с воздушными зазорами; Всесоюзный научно-исследовательский ин-т электромеханики. Томский филиал. Труды; Т. 19

Bibliografski detalji
Parent link:Всесоюзный научно-исследовательский ин-т электромеханики. Томский филиал. Труды
Т. 19.— 1965.— С. 226-233
Glavni autor: Гольдштейн Е. И.
Jezik:ruski
Izdano: 1965
Teme:
Format: Poglavlje knjige
KOHA link:https://koha.lib.tpu.ru/cgi-bin/koha/opac-detail.pl?biblionumber=592302

MARC

LEADER 00000naa0a2200000 4500
001 592302
005 20250108150243.0
035 |a (RuTPU)RU\TPU\tpu\3938 
035 |a TPU00003938 
090 |a 592302 
100 |a 20011210d1965 k||y0rusy50 ca 
101 0 |a rus 
102 |a RU 
200 1 |a Учет выпучивания поля при расчете трансформаторов и дросселей с воздушными зазорами  |f Е. И. Гольдштейн 
461 |t Всесоюзный научно-исследовательский ин-т электромеханики. Томский филиал. Труды 
463 |t Т. 19  |v С. 226-233  |d 1965 
610 1 |a электротехника 
610 1 |a труды учёных ТПУ 
700 1 |a Гольдштейн  |b Е. И. 
801 0 |a RU  |b 63413507  |c 20011210  |g PSBO 
801 2 |a RU  |b 63413507  |c 20070614  |g PSBO 
942 |c CR